River Delta by Country #3 - Hard Version - Statistics

General Stats
  • This quiz has been taken 35 times
  • The average score is 7 of 21
Answer Stats
River Delta Country % Correct
Ural Kazakhstan
88%
Tagus Portugal
79%
Limpopo Mozambique
74%
Þjórsá Iceland
56%
Chao Phraya Thailand
56%
Tocantins Brazil
53%
Taedong North Korea
50%
Weser Germany
47%
Kolyma Russia
47%
Klamath United States
38%
Flinders Australia
29%
Magdalena Colombia
29%
Glomma Norway
29%
Cuanza Angola
15%
Haliacmon Greece
15%
Kapuas Indonesia
12%
Ume Sweden
6%
Kaveri India
3%
Draa Morocco
3%
Rufiji Tanzania
3%
Sanaga Cameroon
0%
No matching quizzes found
Score Distribution
Percent of People with Each Score
Percentile by Number Answered
Your Score History
You have not taken this quiz